• 首页
  • 本馆介绍
  • 公告通知
  • 最新文献
  • 馆藏检索
  • 电子资源
  • 读者导购
  • 参考咨询
  • 我的图书馆
  • 登录
  • 详细信息显示
  • 放入我的书架
  • 预约/预借图书
  • 作者相关作品
  • 分类相关作品
  • 丛书相关作品
  • 出版社相关作品

书目信息

  • 表格格式
  • 工作单格式
  • 卡片格式
题名:
学校工作的检查与指导
    
 
作者: 斯特列金科津 主编 ;北京教育行政学院资料室 编译
分册:  
出版信息: 北京   知识出版社  1984
页数: 282页
开本: 19cm
丛书名:
单 册:
中图分类: G47 , G551.26
科图分类:
主题词: 学校管理 , 教育事业--世界
电子资源:
ISBN:
000 00856nam0 2200277 45
001 0184005395
005 20040425132929.1
010    @dCNY0.82
091    @a7214.32
100    @a19950704d1984 em y0chiy0121 ea
101 1  @achi@crus
102    @aCN@b110000
105    @ay z 000yy
106    @ar
200 10 @a学校工作的检查与指导@Axue xiao gong zuo de jian cha yu zhi dao@f(苏)В.斯特列金科津主编@g北京教育行政学院资料室编译
210    @a北京@c知识出版社@d1984
215    @a282页@d19cm
606    @a学校管理
606 0  @a教育事业@x世界
690    @aG47@v3
690    @aG551.26
701  1 @a斯特列金科津@Asi te lie jin ke jin@bВ.@f苏@4主编
712 02 @a北京教育行政学院资料室@Abei jing jiao yu xing zheng xue yuan zi liao shi@4编译
801  0 @aCN@b上海图书馆@c20040425
801  2 @aCN@bNLC@c20040425
905    @f1@b109149@dG551.26@e12
    
    学校工作的检查与指导/(苏)В.斯特列金科津主编/北京教育行政学院资料室编译.-北京:知识出版社,1984
    282页;19cm
    
    
    ISBN :CNY0.82
    
●
相关链接 在E读中查询图书 在五车中查询图书 在当当中查询图书 在豆瓣中查询图书


正题名:学校工作的检查与指导     索取号:G551.26/12         预约/预借

序号 登录号 条形码 馆藏地/架位号 状态 备注
1 0109148   001747890   密集书库/ [索取号:G551.26/12] 在馆    
2 0109149   000464063   密集书库/ [索取号:G551.26/12] 在馆    
3 0109150   000464027   第一样本阅览室/ [索取号:G551.26/12] 在馆    
唐山师范学院图书馆 欢迎您!
大连网信软件有限公司© 版权所有